Guess the European country by 1 hint - Statistics

General Stats
  • This quiz has been taken 95 times
    41 since last reset
  • The average score is 4 of 5
Answer Stats
Hint Answer % Correct
This country has the most tourists in the world France
91%
This country originated English language UK
91%
The capital of this country is Lisbon Portugal
87%
This European country is militarily neutral Switzerland
87%
The river name Rhine ends in this country Netherlands
30%
No matching quizzes found
Score Distribution
Percent of People with Each Score
Percentile by Number Answered
Your Score History
You have not taken this quiz since the last reset